Contemporary Anglophone Literature and the Problem of Critical Thinking

Bibliographic Details
Main Author: Pokrivčák, Anton, 1962- (Author)
Format: Article
Language:English
ISBN:978-80-555-0706-4
Subjects:

MARC

LEADER 00000nab a2200000 a 4500
001 vtls010613656
005 20260415110713.0
008 140811c2012 xo r 000 00eng
015 |a SNBRA2014/08SVKPO 
040 |a SVKPOCL  |b slo  |c SVKPOCL  |e AACR2 
041 0 |a eng 
044 |a xo  |c SK 
080 |a 82.0:929:821.111  |2 2001 
080 |a 165.65  |2 2001 
080 |a 821.111.09  |2 2001 
080 |a 028  |2 2001 
080 |a 82.07  |2 2001 
080 |a 159.955:165.021  |2 2001 
100 1 |a Pokrivčák, Anton,  |d 1962-  |4 aut  |9 233384 
245 1 0 |a Contemporary Anglophone Literature and the Problem of Critical Thinking  |c Anton Pokrivčák 
504 |a Bibliogr. odkazy 
546 |a Abstr. angl. 
650 0 7 |a literárna veda  |2 svkpocl  |9 1137 
650 0 7 |a anglofónna literatúra, súčasná  |2 svkpocl  |9 1599295 
650 0 7 |a literárna kritika  |2 svkpocl  |9 1138 
650 0 7 |a kritické myslenie  |2 svkpocl  |9 4110 
650 0 7 |a čítanie  |2 svkpocl  |9 1654 
650 0 7 |a interpretácia a prijatie literárneho diela  |2 svkpocl  |9 87159 
650 0 7 |a anglicky písaná literatúra  |2 svkpocl  |9 236470 
655 7 |a štúdie  |2 svkpocl  |9 57033 
773 0 |t Language, Literature and Culture in a Changing Transatlantic World II (Part II) : Literatue and Methodology of English Language Teaching / Magdaléna Bilá, Sandra Zákutná (eds.) /d Prešov : Filozofická fakulta Prešovskej univerzity, 2012  |g S. 114-123  |z 978-80-555-0706-4 
852 |a SVKPO 
958 |a SK 
958 |a NB 
958 |a LX 
999 |c 3289021  |d 3290951